00378nam a2200145Ia 450000500170000000800410001702000150005808200210007310000170009424500520011126000300016330000120019365000110020565000160021620250108052545.0240331s9999 xx 000 0 und d a0415908973 bKAT25180a305.3 aBornstein, K 0aGender OutlawbOn men, women and the rest of us aNew YorkbRoutledgec1994 a245 p., aGender aTranssexual